[Event "Lichtenberger Sommer 2017"]
[Site "Berlin"]
[Date "2017.08.19"]
[Round "1.1"]
[White "Schröter, Maik"]
[Black "Stern, René"]
[Result "0-1"]
[WhiteElo "1876"]
[BlackElo "2499"]
[PlyCount "56"]
[EventDate "2017.??.??"]
[WhiteTeam "SG Stadtilm"]
[BlackTeam "SK König Tegel"]

1. e4 e5 2. Nf3 Nc6 3. d4 exd4 4. Bc4 Be7 5. Nxd4 d6 6. Nc3 Nf6 7. f3 O-O 8.
Nd5 Nxd4 9. Qxd4 Nxd5 10. Qxd5 Bh4+ 11. g3 Bf6 12. O-O a5 13. Qd3 a4 14. c3 Ra5
15. Qc2 Qe7 16. Be3 d5 17. Bd3 Bf5 18. Rae1 dxe4 19. fxe4 Bg6 20. Bd4 Be5 21.
Qf2 f6 22. b4 axb3 23. axb3 Rd8 24. Bc4+ Kh8 25. Bd5 Rb8 26. b4 Ra3 27. Bc5 Qe8
28. Qb2 Rxc3 0-1

[Event "Lichtenberger Sommer 2017"]
[Site "Berlin"]
[Date "2017.08.19"]
[Round "1.2"]
[White "Colpe, Malte"]
[Black "Küchler, Felix"]
[Result "1-0"]
[WhiteElo "2424"]
[BlackElo "1782"]
[PlyCount "65"]
[EventDate "2017.??.??"]
[WhiteTeam "Hamburger SK"]
[BlackTeam "SF Friedrichshagen"]

1. d4 d6 2. e4 Nf6 3. Nc3 g6 4. Bg5 Bg7 5. Qd2 O-O 6. Bh6 c5 7. Bxg7 Kxg7 8. d5
a6 9. f3 b5 10. Nge2 Nbd7 11. Ng3 Ne5 12. f4 Ned7 13. Be2 Nb6 14. a4 b4 15. Nd1
a5 16. Ne3 Ba6 17. Bxa6 Rxa6 18. O-O Ra7 19. c4 bxc3 20. Qxc3 Kg8 21. b3 Qc7
22. Rad1 Rd8 23. Nc4 Nxc4 24. bxc4 Rb7 25. e5 Ne8 26. Rf3 Rb4 27. Nf5 f6 28.
Nh6+ Kg7 29. Ng4 Rxa4 30. Re1 Rb4 31. exf6+ Nxf6 32. Rfe3 Rd7 33. Rxe7+ 1-0

[Event "Lichtenberger Sommer 2017"]
[Site "Berlin"]
[Date "2017.08.19"]
[Round "1.3"]
[White "Seefeld, Marc"]
[Black "Ahmadinia, Ebrahim"]
[Result "0-1"]
[WhiteElo "1924"]
[BlackElo "2398"]
[PlyCount "68"]
[EventDate "2017.??.??"]
[WhiteTeam "Läufer Reinickendorf"]
[BlackTeam "SF 1903 Berlin"]

1. d4 d5 2. c4 c6 3. Nc3 Nf6 4. Nf3 dxc4 5. a4 Bf5 6. e3 e6 7. Bxc4 Bb4 8. O-O
O-O 9. Qe2 Bg4 10. h3 Bh5 11. Rd1 Nbd7 12. e4 Rc8 13. e5 Nd5 14. Nxd5 cxd5 15.
Bd3 a6 16. g4 Bg6 17. Bxg6 fxg6 18. Be3 Nb8 19. Ng5 Qd7 20. f4 Nc6 21. Nf3 Na5
22. Ne1 Nb3 23. Ra2 Qc6 24. Nd3 Qc4 25. Nc1 Qxe2 26. Nxe2 Rc2 27. Nc1 Bd2 28.
Bxd2 Nxd2 29. b4 Nf3+ 30. Kf1 Rxa2 31. Nxa2 Rxf4 32. Ke2 Nxd4+ 33. Ke3 Re4+ 34.
Kd3 Nc6 0-1

[Event "Lichtenberger Sommer 2017"]
[Site "Berlin"]
[Date "2017.08.19"]
[Round "1.4"]
[White "Berger, Steve"]
[Black "Miowitz, Torsten"]
[Result "1/2-1/2"]
[WhiteElo "2412"]
[BlackElo "1857"]
[PlyCount "84"]
[EventDate "2017.??.??"]
[WhiteTeam "SK König Tegel"]
[BlackTeam "Lasker Steglitz-Wilmersdorf"]

1. e4 c6 2. d4 d5 3. e5 Bf5 4. Nf3 e6 5. Be2 Ne7 6. O-O Nd7 7. Nbd2 Nc8 8. a4
Be7 9. a5 a6 10. c4 dxc4 11. Bxc4 Na7 12. Qe2 O-O 13. h3 Nb5 14. Nb3 Bb4 15.
Bg5 Be7 16. Bf4 Nc7 17. g4 Bg6 18. Bg3 Nd5 19. Ne1 b5 20. axb6 Qxb6 21. f4 f5
22. exf6 Bxf6 23. Nf3 Rfe8 24. Kh2 a5 25. Ne5 Nxe5 26. dxe5 Be7 27. f5 Bf7 28.
Bf2 Qc7 29. Bxd5 cxd5 30. Rac1 Qb8 31. Nd4 Bg5 32. Rce1 exf5 33. Bg3 f4 34.
Bxf4 Bxf4+ 35. Rxf4 Be6 36. Qb5 Qxb5 37. Nxb5 Rab8 38. Nc7 Rxb2+ 39. Kg3 Re7
40. Rc1 Rb3+ 41. Kh2 h6 42. Rc6 Rb2+ 1/2-1/2

[Event "Lichtenberger Sommer 2017"]
[Site "Berlin"]
[Date "2017.08.19"]
[Round "1.5"]
[White "Ritter, Uwe"]
[Black "Von Herman, Ulf"]
[Result "0-1"]
[WhiteElo "1953"]
[BlackElo "2354"]
[PlyCount "56"]
[EventDate "2017.??.??"]
[WhiteTeam "Reideburger SV"]
[BlackTeam "SK König Tegel"]

1. f4 d5 2. Nf3 c5 3. e3 Nc6 4. Bb5 Qb6 5. Bxc6+ Qxc6 6. b3 Nf6 7. Bb2 g6 8.
O-O Bg7 9. Ne5 Qc7 10. d3 O-O 11. Nd2 Ng4 12. Nxg4 Bxb2 13. Rb1 Bc3 14. Nf2 b5
15. Qc1 Qa5 16. Nf3 Qxa2 17. Nd1 Bg7 18. Ne5 Qa6 19. Nf2 Qd6 20. Nf3 a5 21. d4
Bf5 22. Qd2 Rfc8 23. Nd3 Bxd3 24. Qxd3 cxd4 25. Nxd4 b4 26. Qd2 Qb6 27. Ra1 Rc3
28. Ra2 Rxe3 0-1

[Event "Lichtenberger Sommer 2017"]
[Site "Berlin"]
[Date "2017.08.19"]
[Round "1.6"]
[White "Radovanovic, Jovica"]
[Black "Schmalzried, Volker"]
[Result "1-0"]
[WhiteElo "2357"]
[BlackElo "1858"]
[PlyCount "45"]
[EventDate "2017.??.??"]
[WhiteTeam "vereinslos"]
[BlackTeam "vereinslos"]

1. d4 g6 2. Nf3 Bg7 3. c4 c5 4. d5 d6 5. e4 Nf6 6. Nc3 O-O 7. h3 Na6 8. Bd3 Nc7
9. O-O a6 10. Re1 Rb8 11. a4 e5 12. a5 b5 13. axb6 Rxb6 14. Na4 Rb7 15. Bd2 Nh5
16. Bf1 f5 17. exf5 gxf5 18. Nxe5 Bxe5 19. Qxh5 Qf6 20. Bg5 Qg6 21. Qxg6+ hxg6
22. Nxc5 Rxb2 23. Nd3 1-0

[Event "Lichtenberger Sommer 2017"]
[Site "Berlin"]
[Date "2017.08.19"]
[Round "1.7"]
[White "Thomas, Tobias"]
[Black "Rietze, Clemens"]
[Result "0-1"]
[WhiteElo "1877"]
[BlackElo "2343"]
[PlyCount "38"]
[EventDate "2017.??.??"]
[WhiteTeam "SK Langen"]
[BlackTeam "SC Rotation Pankow"]

1. e4 c5 2. Nc3 Nc6 3. f4 g6 4. Nf3 Bg7 5. Bc4 d6 6. O-O Nf6 7. d3 O-O 8. Qe1
Na5 9. e5 Ne8 10. e6 Nxc4 11. exf7+ Rxf7 12. dxc4 Qd7 13. Be3 b6 14. Qd2 Bb7
15. Rae1 e6 16. Rd1 Rd8 17. Qe2 Qc8 18. Bf2 Rxf4 19. Bh4 Bxf3 0-1

[Event "Lichtenberger Sommer 2017"]
[Site "Berlin"]
[Date "2017.08.19"]
[Round "1.8"]
[White "Heinig, Wolfram"]
[Black "Hüls, Maximilian"]
[Result "1-0"]
[WhiteElo "2328"]
[BlackElo "1767"]
[PlyCount "159"]
[EventDate "2017.??.??"]
[WhiteTeam "SK Zehlendorf"]
[BlackTeam "SV Mattnetz Berlin"]

1. d4 d5 2. c4 Nc6 3. Nf3 Bg4 4. cxd5 Bxf3 5. dxc6 Bxc6 6. Nc3 Nf6 7. f3 e6 8.
e4 Bb4 9. Be3 Nxe4 10. fxe4 Qh4+ 11. Bf2 Qxe4+ 12. Qe2 O-O-O 13. Qxe4 Bxe4 14.
O-O-O Bc6 15. Be2 Ba5 16. Rd3 Bb6 17. Bf3 Rd7 18. Rhd1 Rhd8 19. Bxc6 bxc6 20.
Kc2 f6 21. Na4 Rd5 22. b3 a6 23. Rc3 Kb7 24. Rcd3 Ba7 25. Kc3 a5 26. Bg3 R8d7
27. Kc4 Ka6 28. Nc3 Rf5 29. Re1 Re7 30. a3 Kb7 31. b4 Bb6 32. Rd2 Re8 33. bxa5
Rxa5 34. a4 c5 35. d5 e5 36. h4 h5 37. Rf2 Rh8 38. Bxe5 fxe5 39. Rxe5 Rha8 40.
Rxh5 Rxa4+ 41. Nxa4 Rxa4+ 42. Kb3 Rg4 43. Rc2 Rg3+ 44. Kb2 c4 45. Rxc4 Rxg2+
46. Kb3 g6 47. Rh7 Rg3+ 48. Kb4 Rd3 49. Rg7 Rxd5 50. Rxg6 Be3 51. Rg7 Bb6 52.
Rg5 Rd1 53. h5 Rh1 54. Re4 Rh3 55. Re6 Rh4+ 56. Kb5 Rh3 57. Kc4 Be3 58. Rge5
Bc1 59. Rb5+ Kc8 60. Re7 Rh4+ 61. Kd3 Kd8 62. Rf7 Kc8 63. Rc5 Bf4 64. Rc4 Rh3+
65. Ke4 Bd6 66. Rh7 Rh4+ 67. Kd5 Rh1 68. Kc6 Kd8 69. h6 Rh5 70. Rg4 Ke8 71.
Rg8+ Bf8 72. Rg6 Bd6 73. Re6+ Kf8 74. Kd7 Re5 75. Rxe5 Bxe5 76. Ke6 Bc3 77.
Rxc7 Kg8 78. Rxc3 Kh7 79. Kf6 Kg8 80. Kg6 1-0

[Event "Lichtenberger Sommer 2017"]
[Site "Berlin"]
[Date "2017.08.19"]
[Round "1.9"]
[White "Hajou, Mohamad"]
[Black "Florstedt, Johannes"]
[Result "0-1"]
[WhiteElo "1789"]
[BlackElo "2232"]
[PlyCount "77"]
[EventDate "2017.??.??"]
[WhiteTeam "SC Kreuzberg"]
[BlackTeam "SF 1903 Berlin"]

1. e4 e6 2. d4 d5 3. exd5 exd5 4. Nf3 Bd6 5. Be2 Nc6 6. c4 dxc4 7. Nc3 Na5 8.
Bxc4 Nxc4 9. Qa4+ c6 10. Qxc4 Be6 11. Qe2 Ne7 12. Ng5 Bf5 13. O-O O-O 14. Nce4
Bc7 15. Nf3 Re8 16. Ng3 Nd5 17. Qd1 Bg4 18. h3 Bd7 19. Bg5 f6 20. Bd2 Qe7 21.
Qc2 Qf7 22. Rfe1 Qg6 23. Qxg6 hxg6 24. Ne4 b6 25. Rac1 g5 26. a3 a5 27. Nc3 Nf4
28. Bxf4 gxf4 29. d5 Rxe1+ 30. Rxe1 Kf7 31. dxc6 Bxc6 32. Nd4 Bb7 33. Ncb5 Be5
34. Nf5 Rd8 35. Rxe5 fxe5 36. Nfd6+ Ke7 37. Nxb7 Rd1+ 38. Kh2 f3 39. a4 0-1

[Event "Lichtenberger Sommer 2017"]
[Site "Berlin"]
[Date "2017.08.19"]
[Round "1.10"]
[White "Kalka, Arkadius Georg"]
[Black "Große-Honebrink, Brigitte"]
[Result "1-0"]
[WhiteElo "2323"]
[BlackElo "1886"]
[PlyCount "53"]
[EventDate "2017.??.??"]
[WhiteTeam "SC Hansa Dortmund"]
[BlackTeam "SC Kreuzberg"]

1. c4 e6 2. Nf3 Nf6 3. g3 d5 4. Bg2 Be7 5. b3 O-O 6. Bb2 c5 7. O-O Nc6 8. e3 b6
9. Nc3 Bb7 10. cxd5 Nxd5 11. Nxd5 exd5 12. d4 Rc8 13. Qe2 Bf6 14. Rfd1 Ne7 15.
Rac1 Rc7 16. h4 Re8 17. Nh2 cxd4 18. Ng4 Rxc1 19. Nxf6+ gxf6 20. Rxc1 Nc6 21.
Qg4+ Kh8 22. Bxd4 Ne5 23. Qf5 Kg7 24. Bh3 Ba6 25. Qh5 Bd3 26. f4 Ng6 27. Rc6
1-0

[Event "Lichtenberger Sommer 2017"]
[Site "Berlin"]
[Date "2017.08.19"]
[Round "1.11"]
[White "Bergmann, Jens"]
[Black "Förster, Jonas"]
[Result "0-1"]
[WhiteElo "1878"]
[BlackElo "2330"]
[PlyCount "64"]
[EventDate "2017.??.??"]
[WhiteTeam "SK Tempelhof 1931"]
[BlackTeam "SV Empor Berlin"]

1. e4 e6 2. g3 d5 3. Bg2 Be7 4. d4 dxe4 5. Bxe4 Nf6 6. Bg2 c5 7. c3 Nc6 8. dxc5
Qxd1+ 9. Kxd1 Bxc5 10. Be3 Bxe3 11. fxe3 e5 12. Nd2 Bf5 13. e4 Bg6 14. Ke2
O-O-O 15. Bf3 h5 16. h4 Nd7 17. Nh3 Nc5 18. Nf2 a5 19. a4 Kc7 20. b4 Rxd2+ 21.
Kxd2 Nb3+ 22. Ke3 Nxa1 23. Rxa1 axb4 24. cxb4 Nxb4 25. Rb1 Nc2+ 26. Kd3 Nd4 27.
Bg2 Ra8 28. Rb4 f6 29. Nd1 Nc6 30. Rb3 Bf7 31. Ra3 b5 32. Nc3 Bc4+ 0-1

[Event "Lichtenberger Sommer 2017"]
[Site "Berlin"]
[Date "2017.08.19"]
[Round "1.12"]
[White "Schneider, Christian"]
[Black "Ros Alonso, Joana"]
[Result "1-0"]
[WhiteElo "2215"]
[BlackElo "1820"]
[PlyCount "45"]
[EventDate "2017.??.??"]
[WhiteTeam "SG Stadtilm"]
[BlackTeam "Sant Boi de Llobregat"]

1. c4 Nf6 2. g3 g6 3. Bg2 Bg7 4. e4 d6 5. Ne2 c5 6. O-O O-O 7. Nbc3 Nc6 8. d3
a6 9. h3 Rb8 10. a4 e6 11. Be3 Qc7 12. Qd2 Rd8 13. Bh6 Nb4 14. Bxg7 Kxg7 15.
Rac1 d5 16. cxd5 exd5 17. Nxd5 Nfxd5 18. exd5 Nxd5 19. Bxd5 Rxd5 20. Nf4 Rd4
21. Qc3 Kg8 22. Qxd4 cxd4 23. Rxc7 1-0

[Event "Lichtenberger Sommer 2017"]
[Site "Berlin"]
[Date "2017.08.19"]
[Round "1.13"]
[White "Milare, Tyron"]
[Black "Polatel, Ali"]
[Result "0-1"]
[WhiteElo "1730"]
[BlackElo "2221"]
[PlyCount "42"]
[EventDate "2017.??.??"]
[WhiteTeam "Potsdamer SV"]
[BlackTeam "SC Zugzwang 95 (Berlin)"]

1. Nf3 f5 2. d4 Nf6 3. c4 g6 4. Nc3 Bg7 5. e3 O-O 6. Bd3 d6 7. O-O Nc6 8. Qe2
e5 9. dxe5 dxe5 10. e4 f4 11. h3 Qe8 12. b3 g5 13. Ba3 g4 14. Nh4 Nd4 15. Qd1
gxh3 16. Bxf8 Bxf8 17. Nb5 hxg2 18. Re1 Bg4 19. f3 Nxf3+ 20. Nxf3 Qh5 21. Kf2
Bc5+ 0-1

[Event "Lichtenberger Sommer 2017"]
[Site "Berlin"]
[Date "2017.08.19"]
[Round "1.14"]
[White "Barath M"]
[Black "Wimmer, Thomas"]
[Result "1-0"]
[WhiteElo "2285"]
[BlackElo "1878"]
[PlyCount "61"]
[EventDate "2017.??.??"]
[WhiteTeam "SC Zugzwang 95 (Berlin)"]
[BlackTeam "SK Marburg"]

1. d4 Nf6 2. c4 g6 3. Nc3 Bg7 4. e4 d6 5. Be2 O-O 6. Bg5 h6 7. Be3 a5 8. Qd2
Kh7 9. f3 Na6 10. g4 e5 11. d5 Bxg4 12. fxg4 Nxg4 13. Bxg4 Qh4+ 14. Qf2 Qxg4
15. Qg3 Qd7 16. Nf3 Nc5 17. O-O-O Na4 18. Nb5 Nb6 19. b3 a4 20. Kb2 Rfd8 21. h4
axb3 22. axb3 Nxd5 23. Rxd5 c6 24. Rxd6 Qe7 25. Rxd8 Rxd8 26. Nc3 Rd3 27. Ne1
Rd8 28. h5 Bf8 29. c5 b6 30. hxg6+ fxg6 31. Bg5 1-0

[Event "Lichtenberger Sommer 2017"]
[Site "Berlin"]
[Date "2017.08.19"]
[Round "1.15"]
[White "Bruening, Wolfgang"]
[Black "Petersen, Soren Boeck"]
[Result "0-1"]
[WhiteElo "1791"]
[BlackElo "2226"]
[PlyCount "62"]
[EventDate "2017.??.??"]
[WhiteTeam "vereinslos"]
[BlackTeam "Damhus Skakklub"]

1. Nf3 d5 2. d4 Nf6 3. e3 g6 4. c4 Bg7 5. Be2 O-O 6. O-O Nbd7 7. Nc3 c6 8. b4
dxc4 9. Bxc4 Nb6 10. Bb3 Nbd5 11. Nxd5 cxd5 12. a4 Bf5 13. Ba3 Rc8 14. Rc1 Qd6
15. Rc5 b6 16. Rxc8 Rxc8 17. Qa1 b5 18. axb5 Qb6 19. Rc1 Rxc1+ 20. Qxc1 Qxb5
21. Ne5 Ne4 22. f3 Qe2 23. Bxd5 Bh6 24. Bxf7+ Kg7 25. f4 Nd2 26. Bd5 Qxe3+ 27.
Kh1 Bxf4 28. Bb2 Qe2 29. Qa1 Nb1 30. Nf3 Qf1+ 31. Ng1 Be3 0-1

[Event "Lichtenberger Sommer 2017"]
[Site "Berlin"]
[Date "2017.08.19"]
[Round "1.16"]
[White "Brustkern, Jürgen"]
[Black "Lieder, Günter"]
[Result "1-0"]
[WhiteElo "2255"]
[BlackElo "1840"]
[PlyCount "63"]
[EventDate "2017.??.??"]
[WhiteTeam "SC Zugzwang 95 (Berlin)"]
[BlackTeam "SK Turm Bad Hersfeld"]

1. c4 e5 2. Nc3 Nf6 3. e3 d6 4. d4 Be7 5. Nf3 exd4 6. exd4 O-O 7. h3 c6 8. d5
Na6 9. Bd3 Bd7 10. O-O Nb4 11. Bb1 Qc8 12. a3 Na6 13. Nd4 c5 14. Ndb5 Nc7 15.
Nxc7 Qxc7 16. Bg5 Qd8 17. Qd3 g6 18. Qd2 Nxd5 19. Bh6 Nxc3 20. bxc3 Re8 21. Be4
Bc6 22. Bd5 Bf6 23. Rad1 Rc8 24. f4 Bg7 25. f5 Bxd5 26. Bxg7 Bxc4 27. Qh6 Re4
28. fxg6 fxg6 29. Rf8+ Qxf8 30. Bxf8 Rxf8 31. Rxd6 Re7 32. Qh4 1-0

[Event "Lichtenberger Sommer 2017"]
[Site "Berlin"]
[Date "2017.08.19"]
[Round "1.17"]
[White "Döring, Martin"]
[Black "Sieglen, Joachim"]
[Result "0-1"]
[WhiteElo "1758"]
[BlackElo "2228"]
[PlyCount "114"]
[EventDate "2017.??.??"]
[WhiteTeam "SC Weisse Dame (Berlin)"]
[BlackTeam "SC Untergrombach"]

1. Nf3 d5 2. d4 Nf6 3. Bf4 c5 4. c3 e6 5. e3 Nc6 6. Bd3 Be7 7. h3 Bd7 8. Nbd2
Qb6 9. b3 Rc8 10. Rc1 cxd4 11. cxd4 Ba3 12. Rc2 O-O 13. Nb1 Qa5+ 14. Ke2 Nb4
15. Ne5 Nxc2 16. Bxc2 Bb5+ 17. Kf3 Ne4 18. Nxa3 Qxa3 19. Bxe4 dxe4+ 20. Kg3 f6
21. Qg4 Qe7 22. Nc4 Bxc4 23. bxc4 Rxc4 24. Kh2 b5 25. Rb1 a6 26. Qg3 Rfc8 27.
Bd6 Qd7 28. Qf4 R4c6 29. Bb4 Qc7 30. Qxc7 R8xc7 31. Bc5 Rxc5 32. dxc5 Rxc5 33.
Rb4 Rc4 34. Rb2 Kf7 35. Rd2 Ke7 36. Kg3 e5 37. h4 g6 38. Kg4 h5+ 39. Kh3 Rc3
40. g3 b4 41. Kg2 a5 42. Kf1 a4 43. Kg2 b3 44. axb3 axb3 45. Rd5 b2 46. Rb5 Rc2
47. Rb6 Kd7 48. Rb4 Kc6 49. Rb8 Rd2 50. Rb3 Kc5 51. Rb8 Kc4 52. Rc8+ Kb3 53.
Kh3 b1=Q 54. Rb8+ Kc2 55. Rxb1 Kxb1 56. f4 exf3 57. e4 Rg2 0-1

[Event "Lichtenberger Sommer 2017"]
[Site "Berlin"]
[Date "2017.08.19"]
[Round "1.18"]
[White "Postler, Reinhard"]
[Black "Otter, Nils"]
[Result "1-0"]
[WhiteElo "2250"]
[BlackElo "1759"]
[PlyCount "75"]
[EventDate "2017.??.??"]
[WhiteTeam "TSG Oberschöneweide"]
[BlackTeam "Admira Villach"]

1. e4 c5 2. Nf3 Nc6 3. d4 cxd4 4. Nxd4 e5 5. Nb5 d6 6. c4 a6 7. N5a3 f5 8. Nc3
Nf6 9. Bd3 f4 10. Nc2 Be7 11. Nd5 O-O 12. O-O g5 13. f3 Kh8 14. Be2 Rg8 15. Bd2
h5 16. Nxe7 Qxe7 17. Qe1 Be6 18. b3 Rg7 19. Kh1 Rh7 20. Rd1 Rg8 21. Bc3 h4 22.
Qd2 Nh5 23. Kg1 Ng3 24. Rf2 Rd8 25. Nb4 Nxb4 26. Bxb4 Qf6 27. Bxd6 Rhd7 28. c5
h3 29. Bc4 Bxc4 30. bxc4 b6 31. Qd5 Rxd6 32. cxd6 hxg2 33. hxg3 fxg3 34. Rxg2
Qf4 35. Qd2 Qxf3 36. Qe1 Rd7 37. Rxg3 Qf4 38. Qe3 1-0

[Event "Lichtenberger Sommer 2017"]
[Site "Berlin"]
[Date "2017.08.19"]
[Round "1.19"]
[White "Korell, Klaus-Peter"]
[Black "Ros Alonso, Jaume"]
[Result "0-1"]
[WhiteElo "1852"]
[BlackElo "2119"]
[PlyCount "140"]
[EventDate "2017.??.??"]
[WhiteTeam "SG TT/Wiheil"]
[BlackTeam "Sant Boi de Llobregat"]

1. d4 Nf6 2. c4 g6 3. Nc3 d5 4. cxd5 Nxd5 5. e4 Nxc3 6. bxc3 Bg7 7. Be3 c5 8.
Bb5+ Bd7 9. Bxd7+ Qxd7 10. Nf3 Nc6 11. Qd2 O-O 12. Rd1 Qg4 13. O-O Qxe4 14.
Rfe1 Qd5 15. Bh6 Rfd8 16. Bxg7 Kxg7 17. Ne5 Nxe5 18. Rxe5 Qxe5 19. dxe5 Rxd2
20. Rxd2 Kf8 21. Kf1 Ke8 22. Ke2 Rd8 23. Rb2 b6 24. a4 Kd7 25. a5 Kc6 26. axb6
axb6 27. f4 c4 28. Ra2 Kb7 29. Ra3 Rd3 30. Kf2 h5 31. g3 b5 32. Ke2 e6 33. Ra5
Kb6 34. Ra3 Kb7 35. Ra5 Kb6 36. Ra3 Kc6 37. Ra6+ Kd5 38. Ra5 Kc5 39. Ra3 Kd5
40. Ra5 Rxc3 41. Rxb5+ Kd4 42. Rb7 Rc2+ 43. Kd1 Rxh2 44. Rxf7 c3 45. Rd7+ Ke4
46. Rd6 Kf5 47. Rc6 Rd2+ 48. Ke1 Rd3 49. Kf2 Ke4 50. Rc4+ Kf5 51. Rc6 Ke4 52.
Rc4+ Kd5 53. Rc7 Kd4 54. Rc6 Kd5 55. Rc7 Kd4 56. Rc6 Rd2+ 57. Ke1 Kd3 58. Rd6+
Ke3 59. Rc6 Kd3 60. Rd6+ Ke3 61. Rc6 Rd3 62. Rc4 Kf3 63. Rc6 Ke3 64. Rc4 Kf3
65. Rc6 Re3+ 66. Kd1 Kxg3 67. Rxe6 Kxf4 68. Rxg6 Rxe5 69. Kc2 Rc5 70. Rg1 h4
0-1

[Event "Lichtenberger Sommer 2017"]
[Site "Berlin"]
[Date "2017.08.19"]
[Round "1.20"]
[White "Sivri, Gorkem"]
[Black "Kretzschmar, Jan"]
[Result "1/2-1/2"]
[WhiteElo "2148"]
[BlackElo "1819"]
[PlyCount "45"]
[EventDate "2017.??.??"]
[WhiteTeam "Ordu Belediyespor"]
[BlackTeam "SC Kreuzberg"]

1. b3 d5 2. Bb2 Bf5 3. e3 Nf6 4. f4 Nbd7 5. Nf3 Bg4 6. Be2 Bxf3 7. Bxf3 e6 8.
c4 c6 9. Nc3 Be7 10. O-O Qa5 11. d4 Ba3 12. Qc1 Bxb2 13. Qxb2 O-O 14. e4 dxe4
15. Nxe4 Nxe4 16. Bxe4 Nf6 17. Bf3 Rad8 18. Rad1 Rd7 19. b4 Qb6 20. Rd2 Rfd8
21. Rfd1 h6 22. g3 a6 23. Kh1 1/2-1/2

[Event "Lichtenberger Sommer 2017"]
[Site "Berlin"]
[Date "2017.08.19"]
[Round "1.21"]
[White "Zesewitz, Martin"]
[Black "Kohler, Thomas"]
[Result "0-1"]
[WhiteElo "1875"]
[BlackElo "2154"]
[PlyCount "42"]
[EventDate "2017.??.??"]
[WhiteTeam "SF Friedrichshagen"]
[BlackTeam "SC Zitadelle Spandau"]

1. f4 g6 2. Nf3 Bg7 3. d3 c5 4. e4 Nc6 5. Be2 d6 6. O-O e5 7. f5 gxf5 8. exf5
Nh6 9. f6 Qxf6 10. Ng5 Qe7 11. Bh5 O-O 12. Nc3 f5 13. Nd5 Qd8 14. c3 Kh8 15.
Qe1 Ne7 16. Bf3 f4 17. h4 Nhf5 18. Nxe7 Qxe7 19. Be4 h6 20. Bxf5 Bxf5 21. Ne4
d5 0-1

[Event "Lichtenberger Sommer 2017"]
[Site "Berlin"]
[Date "2017.08.19"]
[Round "1.22"]
[White "Pluska, Alexander"]
[Black "Wolff, Marie Antoinette"]
[Result "1-0"]
[WhiteElo "2205"]
[BlackElo "1778"]
[PlyCount "71"]
[EventDate "2017.??.??"]
[WhiteTeam "SK Doppelbauer Kiel"]
[BlackTeam "Leegebrucher SF"]

1. e4 c5 2. Nf3 Nc6 3. d4 cxd4 4. Nxd4 d6 5. c4 Nf6 6. Nc3 g6 7. Nc2 Bg7 8. Be2
O-O 9. O-O b6 10. Be3 Bb7 11. Qd2 Ne5 12. f3 Rc8 13. b3 e6 14. Rad1 d5 15. f4
Neg4 16. e5 Nxe3 17. Qxe3 Nd7 18. cxd5 exd5 19. Nb4 Nc5 20. Nbxd5 Qe8 21. b4
Bxd5 22. Nxd5 Ne6 23. Bg4 Rc6 24. f5 Nc7 25. f6 Nxd5 26. Rxd5 Rxf6 27. Re1 Re6
28. Bxe6 Qxe6 29. Qd2 Re8 30. Rd6 Qe7 31. Rd7 Qe6 32. Rd6 Qe7 33. Rd7 Qe6 34.
Qd5 Bxe5 35. Rxe5 Qxe5 36. Qxf7+ 1-0

[Event "Lichtenberger Sommer 2017"]
[Site "Berlin"]
[Date "2017.08.19"]
[Round "1.23"]
[White "Bender, Sebastian"]
[Black "Piotrowski, Christopher"]
[Result "0-1"]
[WhiteElo "1876"]
[BlackElo "2117"]
[PlyCount "120"]
[EventDate "2017.??.??"]
[WhiteTeam "SC Zugzwang 95 (Berlin)"]
[BlackTeam "SK König Tegel"]

1. e4 c6 2. c4 d5 3. exd5 cxd5 4. d4 Nc6 5. Nc3 Nf6 6. Bg5 dxc4 7. Bxc4 h6 8.
Bxf6 exf6 9. Nge2 Bd6 10. O-O O-O 11. Qd3 f5 12. f4 a6 13. Qh3 Bd7 14. Kh1 b5
15. Bd3 b4 16. Nd5 Ne7 17. Nxe7+ Qxe7 18. Rae1 Qf6 19. Ng3 g6 20. Qxh6 Rfe8 21.
Qg5 Qxg5 22. fxg5 Kg7 23. Rxe8 Rxe8 24. Bxa6 Rh8 25. Kg1 Rh4 26. Rd1 Bf4 27.
Nf1 Bxg5 28. g3 Re4 29. Kf2 Bf6 30. d5 Bd4+ 31. Kf3 Bxb2 32. Bd3 Rd4 33. Bc2
Kf6 34. Rxd4 Bxd4 35. Ne3 Ke5 36. Bb3 Bxe3 37. Kxe3 Bb5 38. Kf3 f6 39. h4 Bd3
40. Ke3 Be4 41. d6 Kxd6 42. Bf7 Bd5 43. Bxg6 Bxa2 44. Bxf5 b3 45. g4 Ke5 46.
Bd3 b2 47. g5 f5 48. g6 f4+ 49. Kf3 b1=Q 50. Bxb1 Bxb1 51. g7 Be4+ 52. Kg4 Bf5+
53. Kf3 Be6 54. h5 Kf5 55. h6 Bg8 56. Kf2 Kg4 57. Kg2 f3+ 58. Kf2 Kf4 59. Kf1
Kg3 60. Kg1 f2+ 0-1

[Event "Lichtenberger Sommer 2017"]
[Site "Berlin"]
[Date "2017.08.19"]
[Round "1.24"]
[White "Syre, Christian"]
[Black "Jansen, Robert"]
[Result "1-0"]
[WhiteElo "2208"]
[BlackElo "1783"]
[PlyCount "39"]
[EventDate "2017.??.??"]
[WhiteTeam "TSG Oberschöneweide"]
[BlackTeam "SC Kreuzberg"]

1. d4 d5 2. c4 c6 3. Nf3 e6 4. Nc3 Nf6 5. Bg5 Nbd7 6. cxd5 exd5 7. e3 Qa5 8.
Bd3 Ne4 9. O-O Nxc3 10. bxc3 Qxc3 11. Qe2 h6 12. e4 hxg5 13. exd5+ Be7 14. d6
O-O 15. dxe7 Re8 16. Nxg5 Nf6 17. Bc4 Bg4 18. Bxf7+ Kh8 19. Qe5 Rec8 20. Ne4
1-0

[Event "Lichtenberger Sommer 2017"]
[Site "Berlin"]
[Date "2017.08.19"]
[Round "1.25"]
[White "Bandsom, Olaf"]
[Black "Simon, Ralf-Axel"]
[Result "0-1"]
[WhiteElo "1827"]
[BlackElo "2184"]
[PlyCount "50"]
[EventDate "2017.??.??"]
[WhiteTeam "SC Friesen Lichtenberg"]
[BlackTeam "TSG Neuruppin"]

1. e4 c5 2. Nf3 d6 3. Nc3 a6 4. d4 cxd4 5. Nxd4 Nf6 6. Be2 e6 7. O-O Qc7 8. Be3
b5 9. Bf3 Bb7 10. a3 Nbd7 11. Re1 Be7 12. g3 O-O 13. Bg2 Rfd8 14. f4 Nc5 15.
Bd2 d5 16. e5 Nfe4 17. Qe2 Nxc3 18. Bxc3 Na4 19. Qd3 Rac8 20. f5 Nxc3 21. bxc3
Qxc3 22. fxe6 Qxd3 23. exf7+ Kxf7 24. e6+ Ke8 25. cxd3 Bc5 0-1

[Event "Lichtenberger Sommer 2017"]
[Site "Berlin"]
[Date "2017.08.19"]
[Round "1.26"]
[White "Gaerths, Ronny"]
[Black "Matthes, Benjamin"]
[Result "1-0"]
[WhiteElo "2182"]
[BlackElo "1879"]
[PlyCount "63"]
[EventDate "2017.??.??"]
[WhiteTeam "SG TT/Wiheil"]
[BlackTeam "SC Oranienburg"]

1. d4 d5 2. Bf4 c5 3. e3 e6 4. c3 Nc6 5. Nd2 Nf6 6. Ngf3 cxd4 7. exd4 Bd6 8.
Bxd6 Qxd6 9. Bd3 a6 10. O-O O-O 11. Re1 Re8 12. Ne5 Bd7 13. a4 Rec8 14. a5 Qc7
15. Nb3 g6 16. Qd2 Nxe5 17. dxe5 Ne8 18. Nd4 b6 19. axb6 Qxb6 20. Rab1 Bb5 21.
Bc2 Qc7 22. Qh6 Qe7 23. Re3 Qf8 24. Qh4 Qg7 25. f4 Nc7 26. Rbe1 Re8 27. f5 exf5
28. Nxf5 Qh8 29. Rf3 gxf5 30. Rg3+ Kf8 31. Qh6+ Ke7 32. Qd6# 1-0

[Event "Lichtenberger Sommer 2017"]
[Site "Berlin"]
[Date "2017.08.19"]
[Round "1.27"]
[White "Prütz, Sigurd"]
[Black "Slepuschkin, Shenis"]
[Result "0-1"]
[WhiteElo "1686"]
[BlackElo "2169"]
[PlyCount "108"]
[EventDate "2017.??.??"]
[WhiteTeam "Königsjäger Süd-West"]
[BlackTeam "SC Kreuzberg"]

1. e4 e6 2. d4 d5 3. e5 c5 4. c3 Nc6 5. Nf3 Qb6 6. Bd3 Bd7 7. O-O Nge7 8. dxc5
Qxc5 9. Nbd2 Ng6 10. Nb3 Qb6 11. Qe2 Be7 12. g3 Qc7 13. Re1 O-O 14. h4 f5 15.
h5 Nh8 16. Kg2 Nf7 17. Bf4 a5 18. Rac1 a4 19. Nbd4 Nxd4 20. cxd4 Qb6 21. Rc2
Rac8 22. Rec1 Rxc2 23. Rxc2 Nd8 24. Be3 Nc6 25. a3 Qd8 26. Bb5 Be8 27. Bxc6
Bxc6 28. Qd2 h6 29. Rc1 Kh7 30. Rh1 Be8 31. Ne1 Bb5 32. Nf3 Qc7 33. Rc1 Qd7 34.
Qc3 Bc6 35. Rh1 Rc8 36. Qd2 Qd8 37. Nh4 Bxh4 38. Rxh4 Qc7 39. Rh1 Be8 40. Qb4
Qd7 41. Qd2 Rc4 42. Qd3 Qb5 43. Qd2 Qb3 44. Rc1 Rxc1 45. Qxc1 Bxh5 46. Qd2 Qc4
47. f4 Be8 48. Qf2 Qd3 49. Kh3 Bb5 50. Kg2 Qb1 51. Kh2 Bd3 52. Qd2 Be4 53. Qc1
Qd3 54. Qg1 Qe2+ 0-1